Statistics for Boy Meets World Characters

Click here to take the quiz!

General Stats

  • This quiz has been taken 62 times
  • The average score is 13 of 20

Answer Stats

Answer% Correct
Topanga
98%
Cory
96%
Eric
92%
Shawn
90%
Angela
79%
Amy
77%
Jack
77%
Mr. Feeny
77%
Alan
73%
Morgan
71%
Rachel
67%
Chet
58%
Harley
58%
Mr. Turner
58%
Tommy
58%
Joshua
40%
Frankie
37%
Stuart Minkus
37%
Lauren
35%
Mr. Williams
15%

Score Distribution

Percentile by Number Answered

Percent of People with Each Score

Your Score History

You have not taken this quiz